Формирование кальцийфосфатных микродуговых покрытий с импрегнированными цинксодержащими наночастицами; Иерархические материалы: разработка и приложения для новых технологий и надежных конструкций

Bibliographic Details
Parent link:Иерархические материалы: разработка и приложения для новых технологий и надежных конструкций.— 2019.— [С. 429-430]
Corporate Author: Национальный исследовательский Томский политехнический университет Исследовательская школа физики высокоэнергетических процессов
Other Authors: Чебодаева В. В. Валентина Вадимовна, Седельникова М. Б., Бажанова В. С., Шаркеев Ю. П. Юрий Петрович
Summary:Заглавие с экрана
Режим доступа: по договору с организацией-держателем ресурса
Language:Russian
Published: 2019
Series:Научные основы разработки материалов с многоуровневой иерархической структурой, в том числе для экстремальных условий эксплуатации: - материалы для авиакосмической и транспортной промышленности; - материалы для ядерной энергетики; - материалы для работы в условиях арктического климата; - материалы для медицины
Subjects:
Online Access:https://elibrary.ru/item.asp?id=41207161
Format: Electronic Book Chapter
KOHA link:https://koha.lib.tpu.ru/cgi-bin/koha/opac-detail.pl?biblionumber=661122

MARC

LEADER 00000nla2a2200000 4500
001 661122
005 20231228132044.0
035 |a (RuTPU)RU\TPU\network\31356 
035 |a RU\TPU\network\31350 
090 |a 661122 
100 |a 20191120a2019 k y0rusy50 ca 
101 0 |a rus 
102 |a RU 
105 |a y z 100zy 
135 |a drgn ---uucaa 
181 0 |a i  
182 0 |a b 
200 1 |a Формирование кальцийфосфатных микродуговых покрытий с импрегнированными цинксодержащими наночастицами  |f В. В. Чебодаева [и др.] 
203 |a Текст  |c электронный 
225 1 |a Научные основы разработки материалов с многоуровневой иерархической структурой, в том числе для экстремальных условий эксплуатации: - материалы для авиакосмической и транспортной промышленности; - материалы для ядерной энергетики; - материалы для работы в условиях арктического климата; - материалы для медицины 
300 |a Заглавие с экрана 
333 |a Режим доступа: по договору с организацией-держателем ресурса 
463 0 |0 (RuTPU)RU\TPU\network\31158  |t Иерархические материалы: разработка и приложения для новых технологий и надежных конструкций  |o международный междисциплинарный симпозиум, 1-5 октября 2019 г., Томск, Россия  |o тезисы докладов International Workshop "Multiscale Biomechanics and Tribology of Inorganic and Organic Systems"  |o тезисы докладов международной конференции "Перспективные материалы с иерархической структурой для новых технологий и надежных конструкций"  |o тезисы докладов международной конференции "Химия нефти и газа: добыча, подготовка, транспорт нефти и газа"  |f Российская академия наук (РАН), Сибирское отделение (СО), Институт физики прочности и материаловедения (ИФПМ) ; Институт химии нефти (ИХН)  |v [С. 429-430]  |d 2019 
610 1 |a электронный ресурс 
610 1 |a труды учёных ТПУ 
610 1 |a кальцийфосфатные покрытия 
610 1 |a микродуговые покрытия 
610 1 |a нанопокрытия 
610 1 |a биоматериалы 
610 1 |a имплантаты 
610 1 |a биосовместимость 
610 1 |a костные ткани 
701 1 |a Чебодаева  |b В. В.  |c физик  |c техник Томского политехнического университета  |f 1991-  |g Валентина Вадимовна  |3 (RuTPU)RU\TPU\pers\36312 
701 1 |a Седельникова  |b М. Б. 
701 1 |a Бажанова  |b В. С. 
701 1 |a Шаркеев  |b Ю. П.  |c физик  |c профессор Томского политехнического университета, доктор физико-математических наук  |f 1950-  |g Юрий Петрович  |3 (RuTPU)RU\TPU\pers\31437  |9 15599 
712 0 2 |a Национальный исследовательский Томский политехнический университет  |b Исследовательская школа физики высокоэнергетических процессов  |c (2017- )  |3 (RuTPU)RU\TPU\col\23551 
801 2 |a RU  |b 63413507  |c 20191126  |g RCR 
856 4 |u https://elibrary.ru/item.asp?id=41207161 
942 |c CF